Statistiche per Quiz su San Marino

Clicka qui per fare il quiz!

Statistiche generali

  • Questo quiz è stato fatto 1.392 volte
  • Il punteggio medio è 8 su 14

Statistiche sulle risposte

DomandaRisposta% Corretto
CapitaleSan Marino
99%
Stato che circonda San MarinoItalia
96%
ValutaEuro
91%
Catena montuosa su cui si trova il PaeseAppennini
77%
San Marino è la più antica __________ al mondoRepubblica
77%
Paese che ha occupato per breve tempo San Marino nel 1944Germania
71%
Pilota brasiliano di Formula Uno morto nel Gran Premio di San Marino del 1994Ayrton Senna
51%
Vetta più alta, 739 metri sul livello del mareMonte {Titano}
44%
La nazionale di calcio di San Marino ha un record di: 1 vittoria, 6 pareggi e 163 sconfitte.
Qual è l'unica squadra che hanno mai sconfitto?
Liechtenstein
38%
San Marino è l'unico paese al mondo con più _______ che personeVeicoli
37%
San Marino è divisa in 9 centri noti come _______Castelli
28%
Così è definita la Repubblica nel nome completo dello statoSerenissima
23%
Ogni sei mesi, il parlamento di San Marino elegge i 2 capi di stato.
Quale titolo assumono?
Capitani reggenti
21%
Centro più popolosoDogana
20%

Distribuzione punteggi

Percentile per numero di risposta

Percentuale di utenti per punteggio

I tuoi punteggi nel tempo

Non hai fatto questo quiz